Представление документа в формате MARC21

ПолеНазваниеЗначение
  Тип записи a
  Библиографический уровень m
001 Контрольный номер RU\infra-m\znanium\bibl\2254188
005 Дата корректировки 20260429142245.5
008 Кодируемые данные 260416s2026 RU g rus u
020 Индекс ISBN __
a ISBN 978-5-16-022113-7
020 Индекс ISBN __
a ISBN 978-5-16-104959-4 (электр. издание)
040 Источник каталогиз. __
a Служба первич. каталог. Общество с ограниченной ответственностью «ЗНАНИУМ»
041 Код языка издания __
a Код языка текста rus
044 Код страны публикации __
a Код страны публикации RU
080 Индекс УДК __
a Индекс УДК 62-1(075.8)
084 Индекс другой классификации/Индекс ББК __
2 Источник индекса rubbk
a Индекс другой классификации/Индекс ББК 30я73
084 Индекс другой классификации/Индекс ББК __
2 Источник индекса okso
a Индекс другой классификации/Индекс ББК 01.04.03
084 Индекс другой классификации/Индекс ББК __
2 Источник индекса okso
a Индекс другой классификации/Индекс ББК 09.05.01
084 Индекс другой классификации/Индекс ББК __
2 Источник индекса okso
a Индекс другой классификации/Индекс ББК 13.03.03
084 Индекс другой классификации/Индекс ББК __
2 Источник индекса okso
a Индекс другой классификации/Индекс ББК 15.03.01
084 Индекс другой классификации/Индекс ББК __
2 Источник индекса okso
a Индекс другой классификации/Индекс ББК 15.03.02
084 Индекс другой классификации/Индекс ББК __
2 Источник индекса okso
a Индекс другой классификации/Индекс ББК 15.03.05
084 Индекс другой классификации/Индекс ББК __
2 Источник индекса okso
a Индекс другой классификации/Индекс ББК 15.04.01
084 Индекс другой классификации/Индекс ББК __
2 Источник индекса okso
a Индекс другой классификации/Индекс ББК 15.04.02
084 Индекс другой классификации/Индекс ББК __
2 Источник индекса okso
a Индекс другой классификации/Индекс ББК 15.04.05
084 Индекс другой классификации/Индекс ББК __
2 Источник индекса okso
a Индекс другой классификации/Индекс ББК 15.05.01
100 Автор __
a Автор Братан С.М.
q Полное имя Братан Сергей Михайлович
u Дополнение Севастопольский государственный университет
245 Заглавие __
a Заглавие Автоматическое управление процессами механической обработки
b Продолж. заглавия Учебник
c Ответственность Севастопольский государственный университет
250 Сведения об издании __
a Основные сведения об издании 1
260 Выходные данные __
a Место издания Москва
b Издательство ООО "Научно-издательский центр ИНФРА-М"
c Дата издания 2026
300 Физическое описание __
a Объем 228 с.
440 Серия __
a Серия Высшее образование
520 Аннотация __
a Аннотация В книге изложены основы теории и расчета автоматических систем управления процессами механической обработки в линейном приближении. Рассмотрены пути повышения эффективности автоматических систем управления процессами механической обработки и приведены их типовые примеры и задачи. Книга предназначена в качестве учебника для студентов высших учебных заведений обучающихся по направлениям «Конструкторско-технологическое обеспечение машиностроительных производств» «Машиностроение» «Инженерная механика» «Автоматизация технологических процессов и производств». В отдельных своих частях книга может представлять интерес для работников промышленности и исследовательских учреждений.
521 Примеч. о цел. назн. __
a Примеч. о целев. назн. ВО - Магистратура
650 Тематические рубрики __
a Основная рубрика Промышленность. Энергетика
x Основная подрубрика Общее машиностроение. Машиноведение
655 Указ. предметных рубрик (устаревшее) __
a Жанр/ форма (устаревшее) Учебник
700 Другие авторы __
a Другие авторы Левченко Е.А.
q Полное имя Левченко Елена Александровна
u Дополнение Севастопольский государственный университет
700 Другие авторы __
a Другие авторы Покинтелица Н.И.
q Полное имя Покинтелица Николай Иванович
u Дополнение Севастопольский государственный университет
700 Другие авторы __
a Другие авторы Харченко А.О.
q Полное имя Харченко Александр Олегович
u Дополнение Севастопольский государственный университет
856 Электронный адрес документа 4_
a Имя сервера/домена znanium.ru
m Помощь ebs_support@infra-m.ru
n Местонахождение сервера НИЦ ИНФРА-М
u URL https://znanium.ru/catalog/document?id=481677
856 Электронный адрес документа 48
a Имя сервера/домена znanium.ru
d Путь /cover/2254
f Электронное имя 2254188.jpg
q Тип электронного формата image/jpeg
u URL https://znanium.ru/cover/2254/2254188.jpg
911 __
u 0030=https://znanium.ru/catalog/document?id=481677